00261nam a2200109Ia 4500003000400000008004100004100001800045245003000063260003200093300000800125650001800133OSt191201s2007 xx 000 0 und d aRONHUBBARD, L 0aCreation of Human Ability aN. delhibHubbard Pubc2007 a529 aGeneral Books